[Event "Moscow-ch final"]
[Site "Moscow"]
[Date "2019.04.01"]
[Round "3"]
[White "Bogaudinov, Rushan"]
[Black "Grigoryev, Vladislav"]
[Result "1-0"]
[WhiteElo "2123"]
[BlackElo "1741"]
[PlyCount "139"]
[EventDate "2019.03.30"]
[EventType "swiss"]
[EventRounds "9"]
[EventCountry "RUS"]
[SourceTitle "CBM 189 Extra"]
[Source "ChessBase"]
[SourceDate "2019.06.03"]
[SourceVersion "1"]
[SourceVersionDate "2019.06.03"]
[SourceQuality "1"]

1. d4 c5 2. d5 g6 3. e4 Bg7 4. c4 b5 5. cxb5 a6 6. b6 Qxb6 7. Nc3 d6 8. Nf3 Nd7 9. Be2 Ngf6 10. 0-0 0-0 11. Rb1 Bb7 12. Re1 Rfe8 13. Nd2 Qc7 14. Nc4 Nb6 15. Bf4 Nxc4 16. Bxc4 Nh5 17. Be3 Qa5 18. Na4 Rab8 19. Bd2 Qc7 20. Bc3 Bc8 21. Bxg7 Kxg7 22. Nc3 Rb4 23. b3 Qa5 24. Qc1 e5 25. dxe6 Bxe6 26. Nd5 Bxd5 27. Qc3+ f6 28. exd5 Qd8 29. Rxe8 Qxe8 30. Re1 Qf7 31. g4 Nf4 32. g5 Rb7 33. Re4 Nh5 34. Re6 Qf8 35. Bxa6 Rc7 36. Be2 Nf4 37. gxf6+ Kf7 38. Bc4 Qh6 39. a4 Qg5+ 40. Kf1 Qg2+ 41. Ke1 Qg1+ 42. Kd2 Qxf2+ 43. Kc1 Qg1+ 44. Re1 Qg5 45. Qe3 Qxf6 46. Qe8+ Kg7 47. Kb1 Rf7 48. a5 Qc3 49. Re7 Rxe7 50. Qxe7+ Kg8 51. Qd8+ Kf7 52. Qc7+ Kg8 53. Qb6 Qe1+ 54. Ka2 Qd2+ 55. Ka3 Qc3 56. Ka4 Nd3 57. Bxd3 Qxd3 58. Qb8+ Kf7 59. Qb7+ Kf6 60. a6 c4 61. a7 c3 62. a8Q c2 63. Qf8+ Kg5 64. Qbe7+ Kg4 65. Qe6+ Kg5 66. Qef6+ Kg4 67. Qf4+ Kh3 68. Qc8+ Kg2 69. Qcg4+ Kh1 70. Qe4+ 1-0